000 00754nam a2200229Ia 4500
003 GCL
008 140319s9999 xx 000 0 ara d
040 _aGCL /
_cGCL
082 0 4 _a811.009
_bم م
100 1 _aمحمود سامى البارودى
245 1 0 _aمختارات البارودى /
_cمحمود سامى البارودى
700 1 _aالسيد ابراهيم محمد
700 1 _aمحمد مصطفى هدارة
260 _a[S.N] :
_bالهيئة المصرية العامة للكتاب ،
_c1992
490 _a
650 0 4 _aالشعر العربى
650 0 4 _aالادب العربى
650 0 4 _aدواوين وقصائد
650 0 4 _aالشعراء العرب
650 0 4 _aتاريخ ونقد
942 _2ddc
_cBK
999 _c58520
_d58520